| 000 | 00563nam a2200181Ia 4500 | ||
|---|---|---|---|
| 008 | 151018s9999 xx 000 0 und d | ||
| 082 |
_bRBASDV40573 _a910.2 |
||
| 100 | _aसारंग दर्शने | ||
| 245 | _aस्थित्यंतर | ||
| 250 | _b1 | ||
| 260 |
_bअनुभव अक्षरधन _c2005 |
||
| 300 | _a290 | ||
| 600 | _aसारंग दर्शने | ||
| 630 | _aस्थित्यंतर | ||
| 700 | _aसारंग दर्शने | ||
| 730 | _aस्थित्यंतर | ||
| 942 | _cBOOK | ||
| 999 |
_c1039852 _d1039849 |
||